00303nam a2200121Ia 4500003000400000005001700004008004100021020001800062040002000080100001300100245003700113260003100150OSt20240309154120.0170523s9999 xx 000 0 und d a9789351922841 cIIMT UNIVERSITY aKaur- R. 0aApplied Physics for Engineering  aNew Delhi : Vayu Education